00353nam a2200133Ia 45000010005000000080041000050820026000461000035000722450040001072600024001475900007001719010026001789990015002042131241024s9999 xx 000 0 und d aRD/362.732/C743c/2004 aRepública Dominicana. CONANI 0aCaminando con la niñez dominicana bSanto Domingoc2004 asi a1/3/2012 9:26:11 a.m. c9376d9376